000 00326nam a22001337a 4500
008 230619b xxu||||| |||| 00| 0 eng d
020 _a075062311X
082 _a004.6
_bMCB
100 _cPeter McBride
245 _aThe Internet for Windows 3.1 Made Simple
260 _bp.k.McBride
_c1995
300 _a150p
942 _2ddc
_cBK
999 _c1214
_d1214